Posibilidades de desarrollo agroindustrial en el departamento del Huila / (Registro nro. 8989)
[ vista simple ]
| 000 -CABECERA | |
|---|---|
| Campo de control | 01248nam a22002777a 4500 |
| 005 - FECHA Y HORA DE LA ULTIMA TRANSACCION | |
| Campo de control | 20150115144545.0 |
| 008 - ELEMENTOS DE LONGITUD FIJA—INFORMACION GENERAL | |
| Campo de control | 140617s2013 ck ad gr 00010 spa d |
| 020 ## - ISBN | |
| ISBN | 9789587616187 |
| 040 ## - FUENTE DE CATALOGACIÓN | |
| Agencia catalogadora original | CO-BoBLA |
| Agencia transcriptora | CO-BoBLA |
| Agencia Modificadora | Co-BoIAVH |
| 041 ## - IDIOMA | |
| Código de idioma para texto/pista de sonido o título separado | Español |
| 044 ## - PAÍS DE PUBLICACIÓN | |
| País de publicación | Colombia |
| 082 04 - NUMERO DE CLASIFICACION DECIMAL DEWEY | |
| Número de clasificación | 338.10986 |
| Número del ítem | C26p |
| 100 1# - ASIENTO PRINCIPAL--NOMBRE PERSONAL | |
| Nombre personal | Cardona-Alzate, Carlos Ariel, |
| Fechas asociadas con el nombre | 1970 - |
| 245 10 - MENCION DE TITULO | |
| Título | Posibilidades de desarrollo agroindustrial en el departamento del Huila / |
| Mención de responsabilidad | Carlos Ariel Cardona Alzate, Carlos Eduardo Orrego Alzate, Johnny Alexander Tamayo Arias. |
| 260 ## - PUBLICACION, DISTRIBUCION, ETC. (PIE DE IMPRENTA) | |
| Lugar de publicación, distribución, etc. | Manizales : |
| Nombre del editor, distribuidor, etc. | Universidad Nacional de Colombia. Facultad de Ingeniería y Arquitectura : |
| -- | Ministerio de Educación, |
| Fecha de publicación, distribución, etc. | 2013. |
| 300 ## - DESCRIPCION FISICA | |
| Extensión | 168 p. : |
| Otros detalles físicos | il., gráficos ; |
| Dimensiones | 24 cm. |
| 490 1# - MENCION DE SERIE | |
| Mención de serie | Libro de invesigación |
| 504 ## - NOTA DE BIBLIOGRAFIA, ETC. | |
| Nota de bibliografía | Incluye referencias bibliográficas (p. 167-168) |
| 650 #4 - ASIENTO SECUNDARIO DE MATERIA - TERMINO TEMATICO | |
| Término temático o nombre geográfico como elemento de entrada | Industria agrícola |
| Subdivisión geográfica | Huila (Colombia) |
| 650 #4 - ASIENTO SECUNDARIO DE MATERIA - TERMINO TEMATICO | |
| Término temático o nombre geográfico como elemento de entrada | Agricultura |
| Subdivisión general | Aspectos económicos |
| Subdivisión geográfica | Huila (Colombia) |
| 650 #4 - ASIENTO SECUNDARIO DE MATERIA - TERMINO TEMATICO | |
| Término temático o nombre geográfico como elemento de entrada | Productos agrícolas |
| Subdivisión geográfica | Huila (Colombia) |
| 650 #4 - ASIENTO SECUNDARIO DE MATERIA - TERMINO TEMATICO | |
| Término temático o nombre geográfico como elemento de entrada | Proyectos de desarrollo agrícola |
| Subdivisión geográfica | Huila (Colombia) |
| 700 1# - ASIENTO SECUNDARIO - NOMBRE PERSONAL | |
| Nombre personal | Orrego-Alzate, Carlos Eduardo. |
| 700 1# - ASIENTO SECUNDARIO - NOMBRE PERSONAL | |
| Nombre personal | Tamayo Arias, Johnny Aleander, |
| Fechas asociadas con el nombre | 1976-. |
| 942 ## - ELEMENTOS ADICIONALES (KOHA) | |
| Sistema de clasificación | Dewey Decimal Classification |
| Tipo de ítem | Libro |
| Withdrawn status | Lost status | Sistema de Clasificación | Damaged status | No para préstamo | Colección | Inventariado | Ubicación Permanente | Ubicación actual | Fecha de adquisición | Fuente de Valor | Valor | Total Checkouts | Número topográfico | Inventario / Código de Barras | Date last seen | Ejemplar | Price effective from | Forma de adquisición | Tipo de material |
|---|---|---|---|---|---|---|---|---|---|---|---|---|---|---|---|---|---|---|---|
| Dewey Decimal Classification | General | Inventariado 2017 | Bogotá | Bogotá | 15/01/2015 | Instituto | 39000.00 | LB-338.1098 C26p | 038485 | 15/01/2015 | Ej. 1 | 15/01/2015 | Libro |